| 000 | 01355cam a2200421 4500 | ||
|---|---|---|---|
| 001 | 21280 | ||
| 003 | VRT | ||
| 005 | 20260226083601.0 | ||
| 008 | 240210s2020 xo gr 000 f slo | ||
| 015 | _aSNBA2020/10 | ||
| 020 |
_a9788056906460 _q(viazané) |
||
| 035 | _aurn:nbn:sk:snk-am00fei7 | ||
| 035 | _aurn:nbn:sk:snk-am3iqxf | ||
| 035 | _a831A0095-34F4-49F4-9649-CE6BF6B99AFB | ||
| 039 | 9 |
_a202402100850 _bVLOAD _c202107010915 _dVLOAD _c202106300946 _dVLOAD _c202010191430 _dmsnk167 |
|
| 040 |
_aMIZKGZ _bslo _cMIZKGZ _dSNK _erda |
||
| 041 | 0 | _aslo | |
| 044 |
_axo _cSK |
||
| 072 | 7 |
_a821.162.4-3 _xSlovenská próza _2konspekt |
|
| 080 |
_a821.162.4 _22011 |
||
| 080 |
_a(0:82-312.5) _22011 |
||
| 100 | 1 |
_aLeger, Hana _4aut |
|
| 245 | 1 | 0 |
_aAj ja ťa chcem _cHana Leger |
| 250 | _a2. vydanie | ||
| 264 | 1 |
_aBratislava _bMarenčin PT _c2020 |
|
| 300 |
_a157 strán _c21 cm |
||
| 336 |
_atext _btxt _2rdacontent |
||
| 337 |
_abez média _bn _2rdamedia |
||
| 338 |
_azväzok _bnc _2rdacarrier |
||
| 655 | 7 |
_aslovenské romány _2SNKPH |
|
| 655 | 7 |
_aSlovak fiction _2SNKPHeng |
|
| 655 | 7 |
_aľúbostné romány _2SNKPH |
|
| 655 | 7 |
_aLove novels _2SNKPHeng |
|
| 910 | _asnk | ||
| 942 |
_2ddc _cKLDO _n0 |
||
| 949 |
_617A1444885 _asnkSC 190558 _bsnk2020/18544 _o1587/2020 _s6100:20201022 |
||
| 949 |
_617A1444886 _asnkSC 190558 D1 _bsnk2020/18545 _o1587/2020 |
||
| 999 |
_c21280 _d21280 |
||